Quizzes
Events
Quiz Creation
Community
Videos
Private Events
Remove Ads
Sign In
Join for FREE
Feedback
Dark Mode
Quiz Categories
Sports
Geography
Music
Movies
Television
Just For Fun
Miscellaneous
History
Literature
Language
Science
Gaming
Entertainment
Religion
Holiday
For Kids
Quiz Lab
Recent
Popular Today
Quiz Kudos Today
Editor Picks
Curator Picks
Quizzes by...
Day
Popularity
Type
Ratings
Length
Year
Community
Subscriptions
Recent Discussions
Orange Saloon
Badges
Playlists
Quests
Create
Leaderboards
Showdown
Live 5
Trivia Bingo
Activity
Puzzle Library
Sporcle Events
Private Events
Virtual Trivia
Globe League
Become a Host
Pub Owners
SporcleCon
Opinionation
Our Games
Videos
Blog
Mobile Apps
Partnerships
Remove Ads and Go Orange
Feedback
Sports
Athletes
MLB
NBA
NHL
NFL
Soccer
Sports Teams
WWE
NCAA
Football
Premier League
Basketball
Baseball
Hockey
Golf
Tennis
Cricket
Rugby
Auto Racing
Olympics
World Cup
Sports
Athletes
MLB
NBA
NHL
NFL
Soccer
Sports Teams
WWE
NCAA
Football
Premier League
Basketball
Baseball
Hockey
Golf
Tennis
Cricket
Rugby
Auto Racing
Olympics
World Cup
Random Quiz
Search Sporcle
×
Quiz Lab
Quiz Lab
Sports
Wrestlers
Type in answers that appear in a list
Type in answers that appear in a list
Classic
Best Score? Go Orange.
Masked Pro Wrestlers Stats
Can you name the Masked Pro Wrestlers?
By
fyrestorm
14m
55 Questions
42 Plays
42 Plays
42 Plays
Comments
Comments
Give Quiz Kudos
Give Quiz Kudos
-
- Ratings
hide this ad
Replay
Link that replays current quiz
Next Quiz
Link to next quiz in quiz playlist
You Got
0%
They Got
Avg Score
31%
Avg Friend Score
Upgrade to see
Score Distribution
Jump to the score distribution portion of the page
Score
0/55
Timer
14:00
0
Plays Today
% Correct
Rey Mysterio
78.6%
Kane
66.7%
Sin Cara
66.7%
Curry Man
57.1%
Repo Man
57.1%
Mankind
54.8%
Jushin Liger
54.8%
Abyss
52.4%
Juventud Guerrera
52.4%
Vader
50%
Ultimo Dragon
47.6%
Super Liger
47.6%
Blue Blazer
45.2%
Black Tiger
45.2%
Tiger Mask
43.9%
American Dragon
38.1%
Mr. Wrestling
38.1%
Great Sasuke
35.7%
La Parka
35.7%
Suicide
35.7%
Psicosis
33.3%
Pegasus Kid
33.3%
Shark Boy
33.3%
Patriot
33.3%
Mils Mascaras
33.3%
Mr. JL
33.3%
Hayabusa
31%
Mr. America
31%
% Correct
Mr. Wrestling II
31%
Dos Caras
28.6%
Hurricane
28.6%
Masked Superstar
26.2%
Maxx Moon
23.8%
Ciclope
23.8%
Kato
21.4%
Aldo Montoya
19%
Blitzkrieg
19%
Executioner
19%
Aguila
19%
Golga
16.7%
El Canek
16.7%
El Samurai
16.7%
Lizmark Jr.
16.7%
Who?
16.7%
Mortis
14.3%
Avatar
11.9%
Kwang
11.9%
Shinobi
11.9%
Shockmaster
11.9%
Super Calo
11.9%
Dos Caras Jr.
11.9%
Yeti
9.5%
Arachnaman
7.1%
Sultan
7.1%
Wrath
7.1%
Quiz Playlist
Details
Report
Send in Message
Add To Playlist
Classic:
Type in answers that appear in a list
Last Updated: Feb 16, 2017
Quiz Scoreboard
CHALLENGE
Sign Up to Join the Scoreboard
Show All
Scores
Hide
Comments
May contain spoilers
Recently Published
Billboard Blitz: Fleetwood Mac
by CooCooCachoo
Music
15s
Presidents Visiting Landmarks
by Hejman
History
7m
An Introduction to Baseball
by treessimontrees
Sports
5m
More to Explore
Quiz From the Vault
Featured Blog Post
Where Did the Easter Bunny Come From?
hide this ad
You Might Also Like...
Tags
Masked
pro
Wrestlers
Today's Top Quizzes in Sports
Browse Sports
hide this ad
Today's Top Quizzes in Wrestlers
Browse Wrestlers
Top Contributed Quizzes in Sports
1
Les meilleurs buteurs des matchs entre le PSG et l’OM
2
2022 World Cup Stars
3
FIFA Club World Cup Champions
4
Les entraîneurs de l'OM et du PSG au 21e siècle
5
Criteria MLB: Left Handed Sluggers
6
Name the Premier League winners with different clubs
7
5-to-1: UK Sports Teams
8
AFC Teams Reveal (Wrong Answers Minefield)
9
Players with Multiple 50 Home Run Seasons
10
5-to-1: FBS Animal Nicknames
Explore More
Trending Topics
Marvel
Kpop
Anime
Crossword
Disney
NBA
Harry Potter
Pokémon
Country
Song
Puzzle
WWE
The Office
NFL
Soccer
hide this ad
More By:
fyrestorm
Quiz
Plays
Rating
Category
Featured
Created
Deceased Professional Wrestlers & Managers
1,150
4.00
Sports
Jun 3, 2015
Black Professional Wrestlers & Managers
440
2.75
Sports
Dec 10, 2015
100 K-1 kickboxing heavyweights
248
5.00
Sports
Jan 5, 2016
All time Action Movie Stars
123
1.43
Movies
Jan 24, 2013
NZ Warriors First Grade Players
57
Sports
Aug 4, 2016
Go to Creator's Profile
Score Distribution
Quiz Creator Spotlight
fyrestorm
Follow
Send a Message
Quizzes Created
-
Created Quiz Play Count
-
More By This Creator
Popular Quizzes Today
1
Find the US States - No Outlines Minefield
2
Find the Countries of Europe - No Outlines Minefield
3
The Countries of the World
4
Find the US States
5
US States
6
Popular People in 1961
7
Risky Map Clicking: Biggest States A-Z
8
Movies - When Are They Set?
More Sports Quizzes
The Scoop: 1980 Finals
Quiz Lab
Trending Quizzes
Risky Map Clicking: Least Populous States A-Z
1-10 Letter G Words
1-10 Letter F Words
Risky Map Clicking: Next State Alphabetically
Risky Map Clicking: Biggest States A-Z
Recently Updated
Leaping Animals
pecheneg
Reality TV Shows (A-Z)
bhenderson79
Rickey Henderson's Hall of Fame Teammates
pecheneg
Champions League XIs: Arsenal
pecheneg
Quick Pick: Celebrities in WWE's Hall of Fame
aduchscher
A-Z Keypad Blitz II
pecheneg
Multiple Oscar Actors
pecheneg
Mystery Phrase Blitz: Oscar 'Best Actors'
pecheneg
F. Scott Fitzgerald Novels
LTH
Pick 3 Villains
ddd62291
Trending Topics
Harry Potter
Crossword
Marvel
NBA
Disney
Kpop
Anime
The Office
Soccer
Country
Song
WWE
Puzzle
NFL
Pokémon
Your Account Isn't Verified!
In order to create a playlist on Sporcle, you need to verify the email address you used during registration. Go to your
Sporcle Settings
to finish the process.
Report this User
Report this user for behavior that violates our
Community Guidelines
.
Details:
Send Report
Go to the Sporcle.com Mobile Site →
Comments